MARC

Tag First Indicator Second Indicator Subfields
LEADER 00000cam a2200000 a 4500
001 in00000025740
005 20151007054445.0
008 870902s1988 inua b s10000 eng
010 |a  87026962  
020 |a 0253204771 (pbk.) 
020 |a 0253314720 (hard) 
035 |a (OCoLC)16870676 
035 |9 AAB5122AM 
040 |a DLC  |c DLC  |d TXA  |d UtOrBLW 
043 |a e-pl--- 
049 |a TXAM  |c [A11502559] 
050 0 0 |a HC340.3  |b .C74 1988 
082 0 |a 338.9438  |2 19 
245 0 0 |a Creditworthiness and reform in Poland :  |b Western and Polish perspectives /  |c edited by Paul Marer, Włodzimierz Siwiński. 
264 1 |a Bloomington :  |b Indiana University Press,  |c [1988] 
264 4 |c ©1988 
300 |a xxiii, 348 pages :  |b illustrations ;  |c 23 cm. 
336 |a text  |b txt  |2 rdacontent 
337 |a unmediated  |b n  |2 rdamedia 
338 |a volume  |b nc  |2 rdacarrier 
500 |a "Published in association with the Indiana Center for Global Business, and the Polish Studies Center, Indiana University." 
500 |a Includes revised versions of papers originally presented at Conference on the Polish Economy and Debt, 1985, Smithsonian Institution, sponsored by Indiana University School of Business et al. 
504 |a Includes bibliographies. 
651 0 |a Poland  |x Economic conditions  |y 1945-  |x Congresses. 
650 0 |a Debts, External  |z Poland  |x Congresses. 
651 0 |a Poland  |x Foreign economic relations  |x Congresses. 
651 0 |a Poland  |x Economic policy  |y 1981-1990  |x Congresses. 
700 1 |a Marer, Paul. 
700 1 |a Siwiński, Włodzimierz. 
710 2 |a Indiana Center for Global Business (Indiana University) 
710 2 |a Indiana University, Bloomington.  |b Polish Studies Center. 
711 2 |a Conference on the Polish Economy and Debt  |d (1985 :  |c Smithsonian Institution) 
710 2 |a Indiana University.  |b School of Business. 
999 |a MARS 
999 f f |s 2d3642cc-d163-38c3-8495-44cd00531ff6  |i 2c3da594-3005-358f-adcf-250b67e91df0  |t 0 
952 f f |p normal  |a Texas A&M University  |b College Station  |c Sterling C. Evans Library  |d Evans: Library Stacks  |t 0  |e HC340.3 .C74 1988  |h Library of Congress classification  |i unmediated -- volume  |m A14811502559 
998 f f |a HC340.3 .C74 1988  |t 0  |l Evans: Library Stacks